| 000 | 00627nam a2200241Ia 4500 | ||
|---|---|---|---|
| 005 | 20260430150649.0 | ||
| 008 | 008 250103s9999 xx 000 0 eng d | ||
| 037 | _aTheses | ||
| 040 | _aCRL | ||
| 040 | _beng | ||
| 040 | _ceng | ||
| 041 | _2eng | ||
| 041 | _aeng | ||
| 084 | _qCRL | ||
| 100 |
_aUniyal Shrishti Au.; Sitharaman Uma Gu. _91238146 |
||
| 245 | 0 | _aInvestigation of some superstructured mixed metal oxides | |
| 260 | _c2023 | ||
| 300 | _a202p. | ||
| 650 | _aChemistry | ||
| 700 |
_aUniversity of Delhi. Faculty of Science. Deptt. of Chemistry _91236464 |
||
| 942 | _cTH | ||
| 999 |
_c1850335 _d1850335 |
||